Представление документа в формате RUSMARC

Поле Инд. ПП Название Значение
Тип записи a
Библиографический уровень a
001 Контрольный номер e94e204a992e4eaeb551b3b58a3f0b9b
005 Дата корректировки 20181120134552.2
100 a Данные общей обработки 20180809 ||| 0rusy0189 ca
101 0_ a Язык текста rus
102 a Страна публикации RU
200 1_ b Общее обозначение материала Электронный ресурс
f Первые сведения об ответственности Л.Ю. Аксенова, А.Ю. Танков
a Заглавие Личность преступника по делам о кражах из квартир
210 d Дата издания 2018
461 _0 1 2000
a Закон и право
463 _0 1 2000
a №6
v С. 140-142
1 2101
d 2018
1 0011e2f5565b64145d18194472f40f71b61
606 a Основная рубрика Криминалистика
610 0_ a Ключевые слова СЛЕДСТВЕННЫЕ ДЕЙСТВИЯ
a Ключевые слова МЕТОДОЛОГИЯ
a Ключевые слова ПРЕСТУПНИК
a Ключевые слова ПРЕСТУПЛЕНИЯ ПРОТИВ СОБСТВЕННОСТИ
a Ключевые слова КРАЖА
700 _1 a Фамилия Аксенова
b Имя Л.Ю.
701 _1 a Фамилия Танков
b Имя А.Ю.
801 _0 a Страна RU
b Организация РГУП
c Дата составления 20180809
g Правила каталогизации PSBO
801 _1 a Страна RU
b Организация РГУП
c Дата составления 20180809
g Правила каталогизации PSBO
901 t Тип документа b
w Контрольный № источника 1e2f5565b64145d18194472f40f71b61
905 a Дата ввода 20180809